MCU Quiz (Hard) - Statistics

General Stats
  • This quiz has been taken 1,380 times
  • The average score is 8 of 15
Answer Stats
Hint Answer % Correct
Purple guy in the chair thanos
91%
Captain America's shield is made of this vibranium
91%
Duck in Guardians of the Galaxy howard the duck
85%
Hammer of Thors mjolnir
81%
Black Widow and Hawkeye had a mission here Budapest
67%
Son of Coul Coulson
60%
Where was the Hulk at the beginning of the Avengers? Calcutta
52%
Pepper was injected with this extremis
50%
Founder of SHIELD Peggy Carter
50%
Homeworld of the Nova Corp Xandar
50%
Helped Iron Man in the cave Yinsen
40%
Where is the Infinity Gauntlet? asgard
36%
Homeworld of the Kree Hala
14%
I am the Clairvoyent John Garrett
10%
"Lanyards will be given on a case-by-case basis" Koenig
7%
No matching quizzes found
Score Distribution
Percent of People with Each Score
Percentile by Number Answered
Your Score History
You have not taken this quiz